000 00584nam a2200253Ia 4500
008 160525s9999||||xx |||||||||||||| ||und||
040 _cEnglish
082 _aXI.F/Howard
082 _bBORI-52781
100 _aPeter Howard
245 4 _aThe World Rebuilt
300 _a232
300 _cA
300 _ePaperback
530 _u00052781.pdf
563 _aStudy
600 _aPeter Howard
630 _aThe World Rebuilt
650 _aEnglish Literature
650 _aGeneral Indology
700 _aPeter Howard
730 _aThe World Rebuilt
942 _cBOOK
999 _c1380197
_d1380194